| 000 | 01323cam a22003497a 4500 | ||
|---|---|---|---|
| 003 | CHAP | ||
| 005 | 20220329135517.0 | ||
| 008 | 971013s1984 r 00010 d | ||
| 010 | _a37792 | ||
| 011 | _a38764 | ||
| 035 | _a42884 | ||
| 040 | _cCHAP | ||
| 090 | _aFolleto 8547 | ||
| 100 | 0 | 0 |
_aMihm, John A. _975629 |
| 245 | 0 | _aTécnicas eficientes para la crianza masiva e infestación de insectos, en la selección de las plantas hospedantes para resistencia a los taladradores del tallo del maíz, Diatraea sp. | |
| 260 |
_a(El Batán(El Batán, Méx., : _bCentro Internacional de Mejoramiento de Máiz y Trigo), _c(1984) |
||
| 300 |
_a23 p. _b: ilus |
||
| 500 | _aCopia 4-5 en bodega | ||
| 590 |
_aBATCH-UPD _b10 _c20130110 _lUCH01 _h0241 |
||
| 590 |
_aBATCH-UPD _b10 _c20130110 _lUCH01 _h2050 |
||
| 590 |
_aBATCH-UPD _b10 _c20130409 _lUCH01 _h2308 |
||
| 590 |
_aBATCH-UPD _b10 _c20130914 _lUCH01 _h1603 |
||
| 590 |
_aCONVERSION _b10 _c20130109 _lUCH01 _h1321 |
||
| 650 | 1 | 4 |
_aDiatraea. _932429 |
| 650 | 1 | 4 |
_aMaíz _xPlagas. _971034 |
| 650 | 1 | 4 |
_aMaíz _xVariedades resistentes a plagas. _971083 |
| 901 | _aBK | ||
| 942 | _cFOLL | ||
| 949 |
_aFolleto 8547 _bBC _cFOLL _d-98568 _eTS1 _i42884 _si |
||
| 949 |
_aFolleto 8547 _bBC _cFOLL _d-98569 _eTS2 _fc.2 _i42884 _si |
||
| 949 |
_aFolleto 8547 _bBC _cFOLL _d-98570 _eTS2 _fc.3 _i42884 _si |
||
| 999 |
_c37792 _d37792 |
||